000
00403nam a2200133Ia 4500
008
151001s9999||||xx |||||||||||||| ||und||
100
_a
म प्र महाजन
245
_a
सहकारी घरबांधणी निर्माण
250
_a
3
260
_b
राजेंद्र प्रकाशन ठाणे
260
_c
1992
300
_a
763
365
_b
21
999
_c
969563
_d
969560